| 000 | 00686cam a2200157ua 4500 | ||
|---|---|---|---|
| 041 |
_aeng _h |
||
| 082 |
_a666.9 _bIND/GL |
||
| 110 | 1 |
_aIndian Standards Institution . _b _c() |
|
| 245 |
_aGlossary of terms relating to porzzolana, IS4305-1967 / _cIndian Standards Institution. _hTextual Documents |
||
| 250 |
_a1 / _b. |
||
| 260 |
_aNew Delhi : _bIndian Standards Institution , _c1967. |
||
| 300 | _a6 ; . | ||
| 504 | _a | ||
| 942 | _cBK | ||
| 999 |
_c7960 _d7960 |
||